Southville International School and Colleges
Your cart is empty.
  • Cart
  • Lists
    Public lists Eva Luna New books Lux_list list_1
    Your lists Log in to create your own lists
  • Log in to your account
  • Your cookies
  • Search history
Southville International School and Colleges
  • Advanced search
  • Recent comments
  • Most popular
  • Libraries

Log in to your account

Log in with GOOGLE


If you do not have an external account, but do have a local account, you can still log in:

  1. Home
  2. MARC view: A widening Atlantic? :
Normal view MARC view ISBD view

A widening Atlantic? : (Record no. 11075)

[ view plain ]
MARC details
000 -LEADER
fixed length control field 01221pam a2200349 a 4500
001 - CONTROL NUMBER
control field 1460004
003 - CONTROL NUMBER IDENTIFIER
control field OSt
005 - DATE AND TIME OF LATEST TRANSACTION
control field 20140310182238.0
008 - FIXED-LENGTH DATA ELEMENTS--GENERAL INFORMATION
fixed length control field 860116s1986 nyu b 000 0 eng
010 ## - LIBRARY OF CONGRESS CONTROL NUMBER
LC control number 86002264
020 ## - INTERNATIONAL STANDARD BOOK NUMBER
International Standard Book Number 0876090110
020 ## - INTERNATIONAL STANDARD BOOK NUMBER
Cancelled/invalid ISBN 0876090110 :
Terms of availability $5.95
040 ## - CATALOGING SOURCE
Original cataloging agency DLC
Transcribing agency DLC
Modifying agency DLC
043 ## - GEOGRAPHIC AREA CODE
Geographic area code e------
-- n-us---
050 00 - LIBRARY OF CONGRESS CALL NUMBER
Classification number D 1065.U5
Item number .D26 1986
082 00 - DEWEY DECIMAL CLASSIFICATION NUMBER
Classification number HS 327.73
Item number D14 1986
100 1# - MAIN ENTRY--PERSONAL NAME
Personal name Dahrendorf, Ralf,
Dates associated with a name 1929-2009.
9 (RLIN) 13553
245 12 - TITLE STATEMENT
Title A widening Atlantic? :
Remainder of title domestic change & foreign policy /
Statement of responsibility, etc Andrew J. Pierre, editor ; Ralf Dahrendorf, Theodore C. Sorensen.
260 ## - PUBLICATION, DISTRIBUTION, ETC. (IMPRINT)
Place of publication, distribution, etc New York :
Name of publisher, distributor, etc New York University Press,
Date of publication, distribution, etc 1986.
300 ## - PHYSICAL DESCRIPTION
Extent 107 p. ;
Dimensions 24 cm.
440 #0 - SERIES STATEMENT/ADDED ENTRY--TITLE
Title Europe/America ;
Volume number/sequential designation 4
9 (RLIN) 13554
521 ## - TARGET AUDIENCE NOTE
Target audience note
651 #0 - SUBJECT ADDED ENTRY--GEOGRAPHIC NAME
Geographic name Europe
General subdivision Foreign relations
Geographic subdivision United States.
9 (RLIN) 13555
651 #0 - SUBJECT ADDED ENTRY--GEOGRAPHIC NAME
Geographic name United States
General subdivision Foreign relations
Geographic subdivision Europe.
9 (RLIN) 13556
651 #0 - SUBJECT ADDED ENTRY--GEOGRAPHIC NAME
Geographic name Europe
General subdivision Civilization
Chronological subdivision 1945-
9 (RLIN) 13557
651 #0 - SUBJECT ADDED ENTRY--GEOGRAPHIC NAME
Geographic name United States
General subdivision Civilization
Chronological subdivision 1970-
9 (RLIN) 13558
700 1# - ADDED ENTRY--PERSONAL NAME
Personal name Pierre, Andrew J.
9 (RLIN) 13559
700 1# - ADDED ENTRY--PERSONAL NAME
Personal name Sorensen, Theodore C.
9 (RLIN) 13560
906 ## - LOCAL DATA ELEMENT F, LDF (RLIN)
a 7
b cbc
c orignew
d 1
e ocip
f 19
g y-gencatlg
942 ## - ADDED ENTRY ELEMENTS (KOHA)
Source of classification or shelving scheme Library of Congress Classification
Koha item type
Holdings
Withdrawn status Lost status Source of classification or shelving scheme Damaged status Home library Current library Shelving location Date acquired Total Checkouts Full call number Barcode Date last seen Copy number Price effective from Koha item type
    Library of Congress Classification   Luxembourg Library Luxembourg Library High School Section 09/12/2013   D 1065.U5 .D26 1986 9313 06/13/2017 1 09/12/2013 Books

A widening Atlantic? :

APA

Dahrendorf R., Pierre A. J. & Sorensen T. C. (1986). A widening Atlantic?. New York: New York University Press.

Chicago

Dahrendorf Ralf, Pierre Andrew J and Sorensen Theodore C. 1986. A widening Atlantic?. New York: New York University Press.

Harvard

Dahrendorf R., Pierre A. J. and Sorensen T. C. (1986). A widening Atlantic?. New York: New York University Press.

MLA

Dahrendorf Ralf, Pierre Andrew J and Sorensen Theodore C. A widening Atlantic?. New York: New York University Press. 1986.

  • Place hold
  • Print
  • Cite
  • Add to your cart (remove)
  • Save record
    BIBTEX Dublin Core MARCXML MARC (non-Unicode/MARC-8) MARC (Unicode/UTF-8) MARC (Unicode/UTF-8, Standard) MODS (XML) RIS
  • More searches
    Search for this title in:
    Other Libraries (WorldCat) Other Databases (Google Scholar) Online Stores (Bookfinder.com) Open Library (openlibrary.org)

Exporting to Dublin Core...

SOUTHVILLE LIBRARY

Southville International School and Colleges Library

1281 Tropical Ave. Cor. Luxembourg St., BF Homes International, Las Pinas City

Tel. No. 8256374 / 252358 Loc. 117/146

Powered by Koha